| 000 | 00813nam a22001935i 4500 | ||
|---|---|---|---|
| 001 | 159703 | ||
| 003 | ES-MaACL | ||
| 005 | 20251123063308.0 | ||
| 008 | 951218s1828 sp |||| | spa d | ||
| 040 |
_aEUS _bspa _cEUS |
||
| 100 | 1 |
_aMiñano y Bedoya, Sebastián, _d1779-1845 _981393 |
|
| 245 | 1 | 0 |
_aFraterna correccional que ofrece a Don Fermin Caballero _b: editor del libro intitulado La Turquia, teatro de la guerra presente / _cDon Sebastian Miñano. |
| 260 |
_aMadrid : _b[s.n.], _c1828 ( _fImprenta de Pierart Peralta) |
||
| 300 |
_a75 p. ; _c21 cm. |
||
| 650 | 4 |
_aDebates (Género literario) _9153050 |
|
| 700 | 1 |
_aCaballero, Fermín, _d1800-1876 _933078 |
|
| 852 |
_aES-MaACL _jT-1463-F-3 _z-- Enc. hol. _q-- Falto de la cub. original _z-- Enc. en un vol. facticio |
||
| 999 |
_c159703 _d159703 |
||